[Event "DVM U10 2015"]
[Site "Magdeburg GER"]
[Date "2015.12.29"]
[Round "7"]
[White "Yin, Haode"]
[Black "Schön, Florian"]
[Result "1-0"]
[Termination "normal"]
[Board "5.3"]
[WhiteElo "1110"]
[BlackElo "1100"]
[WhiteTeam "SchachAkademiePaderborn 1"]
[BlackTeam "BSG Grün-Weiß Leipzig 1"]
[PlyCount "115"]
[WhiteFideId "16261348"]
[BlackFideId "16259394"]
[EventCountry "GER"]
[EventRounds "7"]
[EventType "team-swiss"]
[EventDate "2015.12.27"]

1. d4 d5 2. Bf4 Nc6 3. Nf3 Nf6 4. c3 Bf5 5. e3 e6 6. Bb5 Qd7 7. Ne5 Qd8 8. Nxc6
Qd7 9. Nxa7 c6 10. Nxc6 bxc6 11. Bd3 Bg6 12. Qe2 h6 13. Bxg6 fxg6 14. O-O Bd6
15. Bg3 O-O 16. Qc2 g5 17. Nd2 Nh5 18. Nf3 Rf6 19. e4 dxe4 20. Qxe4 Raf8 21.
Bxd6 Qxd6 22. Qe5 Qxe5 23. dxe5 Rf5 24. Rad1 g4 25. Nd4 Rxe5 26. Nxc6 Re2 27.
Rb1 Nf6 28. Nd4 Rd2 29. Nxe6 Rf7 30. Rfd1 Ne4 31. Rxd2 Nxd2 32. Re1 Nc4 33. b3
Nd2 34. Nd4 Rf4 35. Rd1 Ne4 36. f3 Nxc3 37. Rd2 gxf3 38. Nxf3 Ne4 39. Rd4 Kf7
40. h3 Kf6 41. g3 Rxf3 42. Rxe4 Rxg3+ 43. Kh2 Rc3 44. Re2 Kf5 45. Kg2 Kf4 46.
b4 Rg3+ 47. Kh2 Kf3 48. Rb2 Kf4 49. b5 Rg6 50. b6 Rc6 51. b7 Rc1 52. b8=Q+ Kf5
53. Qf8+ Kg6 54. Rg2+ Kh7 55. Qf5+ g6 56. Qf7+ Kh8 57. Qxg6 Rc4 58. Qg8# 1-0

[Event "DVM U10 2015"]
[Site "Magdeburg GER"]
[Date "2015.12.29"]
[Round "7"]
[White "Güldenpfennig, Carl"]
[Black "Brinkschröder, Josh"]
[Result "1-0"]
[Termination "normal"]
[Board "5.4"]
[WhiteElo "1049"]
[BlackElo "745"]
[WhiteTeam "BSG Grün-Weiß Leipzig 1"]
[BlackTeam "SchachAkademiePaderborn 1"]
[PlyCount "53"]
[BlackFideId "16274903"]
[EventCountry "GER"]
[EventRounds "7"]
[EventType "team-swiss"]
[EventDate "2015.12.27"]

1. e4 e6 2. Nc3 d5 3. Nf3 dxe4 4. Nxe4 Nd7 5. Bb5 c6 6. Bc4 Ngf6 7. Nc3 Qb6 8.
d3 Ng4 9. d4 e5 10. Ne2 Qb4+ 11. Nd2 exd4 12. Nxd4 Qc5 13. c3 Nb6 14. b4 Qd6
15. Qe2+ Be7 16. N2f3 O-O 17. h3 Nf6 18. Be3 Ne4 19. Qd3 Nf6 20. Ng5 g6 21.
Nxf7 Qd7 22. Ne5+ Nxc4 23. Nxd7 Nxe3 24. Nxf6+ Bxf6 25. fxe3 Bd7 26. O-O-O a5
27. h4 1-0

[Event "DVM U10 2015"]
[Site "Magdeburg GER"]
[Date "2015.12.29"]
[Round "7"]
[White "Nitsche, Nikolai"]
[Black "Gallasch, Jonas"]
[Result "1-0"]
[Termination "normal"]
[Board "6.1"]
[WhiteElo "1227"]
[BlackElo "1401"]
[WhiteTeam "SV Empor Berlin"]
[BlackTeam "SG Porz"]
[PlyCount "93"]
[WhiteFideId "16221036"]
[BlackFideId "16222474"]
[EventCountry "GER"]
[EventRounds "7"]
[EventType "team-swiss"]
[EventDate "2015.12.27"]

1. d4 Nf6 2. Bf4 d5 3. Nf3 c5 4. c3 Nc6 5. e3 Bf5 6. Be2 e6 7. Nbd2 Be7 8. Ne5
O-O 9. O-O Nxe5 10. Bxe5 Nd7 11. Bg3 Qb6 12. Qb3 Qxb3 13. Nxb3 c4 14. Nd2 b5
15. Bf3 Bd3 16. Rfe1 f5 17. Be2 Bxe2 18. Rxe2 a5 19. f3 h5 20. e4 h4 21. Bf2
Rfe8 22. Rae1 Bg5 23. Nf1 Kf7 24. exf5 exf5 25. Rxe8 Rxe8 26. Rxe8 Kxe8 27. Ne3
Bxe3 28. Bxe3 Nf8 29. Bg5 Ng6 30. Kf1 Kd7 31. Ke1 Ke6 32. Kd2 f4 33. Kc2 Kd6
34. b3 Kc6 35. Bd8 cxb3+ 36. Kxb3 a4+ 37. Kb4 h3 38. gxh3 Nf8 39. Ka3 Ne6 40.
Bh4 g5 41. Bf2 Ng7 42. h4 gxh4 43. Bxh4 Nf5 44. Bf2 Ne3 45. h4 Nf5 46. h5 Nh6
47. Be1 1-0

[Event "DVM U10 2015"]
[Site "Magdeburg GER"]
[Date "2015.12.29"]
[Round "7"]
[White "Kogan, Gabriel"]
[Black "Eulenstein, Conrad"]
[Result "1-0"]
[Termination "normal"]
[Board "6.2"]
[WhiteElo "1132"]
[BlackElo "1061"]
[WhiteTeam "SG Porz"]
[BlackTeam "SV Empor Berlin"]
[PlyCount "79"]
[WhiteFideId "16238265"]
[EventCountry "GER"]
[EventRounds "7"]
[EventType "team-swiss"]
[EventDate "2015.12.27"]

1. e4 e5 2. Nf3 Nc6 3. Bc4 Be7 4. O-O Nf6 5. Re1 O-O 6. c3 d6 7. h3 Bd7 8. d4
Na5 9. Bb3 Nc6 10. Nbd2 b5 11. Nf1 a5 12. a4 Qb8 13. Ng3 h6 14. d5 Na7 15. Nh4
Nc8 16. Nhf5 c5 17. c4 bxc4 18. Bxc4 Re8 19. b3 Nb6 20. Qe2 Nxc4 21. Qxc4 Qb4
22. Qxb4 cxb4 23. Bd2 Bf8 24. Rac1 Rec8 25. f3 Ne8 26. Rxc8 Rxc8 27. Rc1 Rxc1+
28. Bxc1 Nc7 29. Be3 Na8 30. Kf1 Bc8 31. Ke1 Ba6 32. Kd2 Bb7 33. Ne2 Kh7 34. g4
g6 35. Nfg3 Ba6 36. Nc1 Be7 37. Nd3 Bxd3 38. Kxd3 Bd8 39. Kc4 Nc7 40. Bb6 1-0

[Event "DVM U10 2015"]
[Site "Magdeburg GER"]
[Date "2015.12.29"]
[Round "7"]
[White "Kriuckova, Sonia"]
[Black "Sabirov, Rafael"]
[Result "1/2-1/2"]
[Termination "normal"]
[Board "6.3"]
[WhiteElo "1208"]
[BlackElo "1198"]
[WhiteTeam "SV Empor Berlin"]
[BlackTeam "SG Porz"]
[PlyCount "62"]
[WhiteFideId "16204310"]
[BlackFideId "16241185"]
[EventCountry "GER"]
[EventRounds "7"]
[EventType "team-swiss"]
[EventDate "2015.12.27"]

1. e4 c5 2. Nf3 e6 3. c3 a6 4. d4 cxd4 5. cxd4 Qc7 6. Nc3 Be7 7. Be2 b5 8. a3
Bb7 9. Be3 Nf6 10. Bd3 O-O 11. O-O Nc6 12. Qd2 d6 13. Rac1 Rfd8 14. b4 d5 15.
e5 Ng4 16. h3 Nxe3 17. fxe3 f6 18. exf6 Bxf6 19. Qf2 e5 20. dxe5 Bxe5 21. Nxe5
Nxe5 22. Bb1 Qe7 23. Qf5 Ng6 24. Ba2 Rf8 25. Bxd5+ Bxd5 26. Qxd5+ Kh8 27. Rxf8+
Rxf8 28. Re1 h6 29. Ne4 Re8 30. Nc5 Qh4 31. Rf1 Rxe3 1/2-1/2

[Event "DVM U10 2015"]
[Site "Magdeburg GER"]
[Date "2015.12.29"]
[Round "7"]
[White "Nanu, Andreas-Christian"]
[Black "Müller, Luca"]
[Result "1-0"]
[Termination "normal"]
[Board "6.4"]
[WhiteElo "1078"]
[BlackElo "848"]
[WhiteTeam "SG Porz"]
[BlackTeam "SV Empor Berlin"]
[PlyCount "85"]
[WhiteFideId "1240188"]
[BlackFideId "16236130"]
[EventCountry "GER"]
[EventRounds "7"]
[EventType "team-swiss"]
[EventDate "2015.12.27"]

1. d4 d5 2. c4 e6 3. Nf3 Nf6 4. Nc3 Bb4 5. Bd2 b6 6. Qa4+ Nfd7 7. Qxb4 Nc6 8.
Qa4 Bb7 9. cxd5 exd5 10. Nxd5 Nf6 11. Nxf6+ Qxf6 12. Rb1 Qf5 13. Rc1 O-O 14. e3
a6 15. Be2 b5 16. Qc2 Qxc2 17. Rxc2 Ne7 18. Rxc7 Bxf3 19. Bxf3 Rae8 20. Bb4 Rc8
21. Rxe7 Rc1+ 22. Bd1 Rc4 23. Ba3 a5 24. b3 Rc6 25. Re5 Rfc8 26. Rxb5 h6 27.
Rxa5 Rg6 28. O-O f6 29. Bh5 Rg5 30. Rxg5 hxg5 31. Rc1 Ra8 32. Be7 Ra7 33. Bc5
Rc7 34. a4 Kh7 35. a5 Kh6 36. Bf3 g4 37. Bxg4 Rc6 38. Be2 Rc8 39. a6 Ra8 40. a7
Rc8 41. Ra1 Ra8 42. Bd6 Rxa7 43. Rxa7 1-0

[Event "DVM U10 2015"]
[Site "Magdeburg GER"]
[Date "2015.12.29"]
[Round "7"]
[White "Schlie, Johann"]
[Black "Senechal, Niklas Bennett"]
[Result "1-0"]
[Termination "normal"]
[Board "7.1"]
[WhiteElo "1204"]
[BlackElo "992"]
[WhiteTeam "Hagener SV"]
[BlackTeam "Lübecker SV von 1873"]
[PlyCount "49"]
[WhiteFideId "16211596"]
[BlackFideId "16231180"]
[EventCountry "GER"]
[EventRounds "7"]
[EventType "team-swiss"]
[EventDate "2015.12.27"]

1. d4 d5 2. Nc3 Nf6 3. Bf4 Bf5 4. e3 e6 5. Nf3 Bb4 6. Bd3 Bxd3 7. Qxd3 Nc6 8.
O-O O-O 9. a3 Bxc3 10. bxc3 Ne4 11. Rab1 Rb8 12. Rb2 Na5 13. Rfb1 b6 14. Ne5 f6
15. Nf3 Nc4 16. Rb3 c5 17. Bxb8 Qxb8 18. h3 e5 19. dxe5 fxe5 20. Qxd5+ Kh8 21.
Qxe4 Na5 22. Rb5 Re8 23. Rxa5 Qa8 24. Qxa8 Rxa8 25. Rxb6 1-0

[Event "DVM U10 2015"]
[Site "Magdeburg GER"]
[Date "2015.12.29"]
[Round "7"]
[White "Bornholdt, Joa Max"]
[Black "Brunner, Alexander"]
[Result "1-0"]
[Termination "normal"]
[Board "7.2"]
[WhiteElo "1060"]
[BlackElo "1222"]
[WhiteTeam "Lübecker SV von 1873"]
[BlackTeam "Hagener SV"]
[PlyCount "53"]
[WhiteFideId "16253477"]
[BlackFideId "12965278"]
[EventCountry "GER"]
[EventRounds "7"]
[EventType "team-swiss"]
[EventDate "2015.12.27"]

1. e4 e5 2. Nf3 Nf6 3. Nc3 Nc6 4. d4 exd4 5. Nxd4 Bc5 6. Be3 d5 7. Nxc6 bxc6 8.
Bxc5 Rb8 9. b3 Be6 10. exd5 cxd5 11. Bb5+ Bd7 12. Qe2+ Ne4 13. f3 Bxb5 14. Nxb5
c6 15. fxe4 Rxb5 16. exd5+ Kd7 17. Rd1 Kc7 18. Be3 Qh4+ 19. g3 Qb4+ 20. Bd2 Qc5
21. c4 Rbb8 22. Bf4+ Kb7 23. Bxb8 Rxb8 24. d6 Qb4+ 25. Rd2 Rc8 26. Rf1 f6 27.
Qe7+ 1-0

[Event "DVM U10 2015"]
[Site "Magdeburg GER"]
[Date "2015.12.29"]
[Round "7"]
[White "Maul, Maik"]
[Black "Saage, Paul"]
[Result "1-0"]
[Termination "normal"]
[Board "7.3"]
[WhiteElo "1378"]
[BlackElo "926"]
[WhiteTeam "Hagener SV"]
[BlackTeam "Lübecker SV von 1873"]
[PlyCount "23"]
[WhiteFideId "16204816"]
[BlackFideId "16233891"]
[EventCountry "GER"]
[EventRounds "7"]
[EventType "team-swiss"]
[EventDate "2015.12.27"]

1. d4 d5 2. Bf4 Nf6 3. Nc3 a6 4. Nf3 Nc6 5. e3 Bf5 6. Bd3 Bg4 7. h3 Bd7 8. Bg5
e6 9. O-O Be7 10. Qe2 Nh5 11. Bxe7 Qxe7 {Rest nicht nachvollziehbar} 12. Ne5
1-0

[Event "DVM U10 2015"]
[Site "Magdeburg GER"]
[Date "2015.12.29"]
[Round "7"]
[White "Lox, Nils Norman"]
[Black "Pflugradt, Natalie"]
[Result "0-1"]
[Termination "normal"]
[Board "8.1"]
[WhiteElo "1131"]
[BlackElo "1463"]
[WhiteTeam "SC Eintracht Berlin"]
[BlackTeam "SG Blau-Weiß Stadtilm 1"]
[PlyCount "100"]
[WhiteFideId "16221389"]
[BlackFideId "16212444"]
[EventCountry "GER"]
[EventRounds "7"]
[EventType "team-swiss"]
[EventDate "2015.12.27"]

1. d4 Nf6 2. Nf3 g6 3. e3 Bg7 4. Bd3 d6 5. Nbd2 Nbd7 6. c3 O-O 7. O-O e5 8.
dxe5 dxe5 9. Bc2 Nh5 10. e4 Nc5 11. Nb3 Nxb3 12. Bxb3 Kh8 13. Bg5 Qd7 14. h3 f5
15. Qxd7 Bxd7 16. exf5 Bxf5 17. Rfe1 Bxh3 18. Nxe5 Bxe5 19. Rxe5 Bd7 20. Re7
Rad8 21. Rd1 Bc6 22. Rxc7 Rxd1+ 23. Bxd1 Nf4 24. Bxf4 Rxf4 25. Bc2 Rf6 26. Re7
Rd6 27. Kf1 Rd2 28. Bb3 Rxb2 29. Re2 Bxg2+ 30. Ke1 Rxe2+ 31. Kxe2 h5 32. f3 Bh3
33. Kf2 g5 34. Kg3 Bd7 35. Bd5 b6 36. Bf7 h4+ 37. Kg2 Kg7 38. Bd5 Kf6 39. Kf2
Ke5 40. Bc4 Kf4 41. Bf1 h3 42. a3 h2 43. Bg2 Bc6 44. Bh1 g4 45. Bg2 Bxf3 46.
Kf1 Bxg2+ 47. Kxg2 g3 48. c4 a5 49. a4 Kg4 50. Kh1 Kh3 0-1

[Event "DVM U10 2015"]
[Site "Magdeburg GER"]
[Date "2015.12.29"]
[Round "7"]
[White "Schmidt, Pauline"]
[Black "Raasch, Hauke"]
[Result "1-0"]
[Termination "normal"]
[Board "8.2"]
[WhiteElo "1142"]
[BlackElo "1171"]
[WhiteTeam "SG Blau-Weiß Stadtilm 1"]
[BlackTeam "SC Eintracht Berlin"]
[PlyCount "85"]
[WhiteFideId "16209850"]
[BlackFideId "16210034"]
[EventCountry "GER"]
[EventRounds "7"]
[EventType "team-swiss"]
[EventDate "2015.12.27"]

1. e4 d5 2. exd5 Qxd5 3. Nc3 Qa5 4. d4 c6 5. Bc4 Qc7 6. Nf3 Bf5 7. Be3 e6 8.
Qd2 Bd6 9. O-O-O Nf6 10. Bg5 Nbd7 11. h3 h6 12. Be3 O-O-O 13. Bb3 Bb4 14. a3
Ba5 15. Qe1 Ne4 16. Bd2 Nxc3 17. Bxc3 Bxc3 18. Qxc3 Kb8 19. g4 Be4 20. Rhf1 Bg6
21. h4 Qf4+ 22. Kb1 Qxg4 23. Rg1 Qf4 24. Ba4 Rhg8 25. Qb3 Qc7 26. Ka1 Qb6 27.
Qxb6 Nxb6 28. Bb3 Bh5 29. Rd3 Bg6 30. Rdd1 Bh5 31. Rd3 Kc7 32. Ne5 Nd7 33. Nc4
c5 34. dxc5 Nxc5 35. Rc3 Nxb3+ 36. cxb3 Kb8 37. Na5 Rd1+ 38. Rxd1 Bxd1 39. Rd3
Bh5 40. Rd7 Ka8 41. Rxb7 Rb8 42. Rd7 Bg6 43. Nc6 1-0

[Event "DVM U10 2015"]
[Site "Magdeburg GER"]
[Date "2015.12.29"]
[Round "7"]
[White "Gräbnitz, Marc-Florian"]
[Black "Rapp, Leonard"]
[Result "1-0"]
[Termination "normal"]
[Board "8.3"]
[WhiteElo "1153"]
[BlackElo "1504"]
[WhiteTeam "SC Eintracht Berlin"]
[BlackTeam "SG Blau-Weiß Stadtilm 1"]
[PlyCount "117"]
[WhiteFideId "16226992"]
[BlackFideId "16212428"]
[EventCountry "GER"]
[EventRounds "7"]
[EventType "team-swiss"]
[EventDate "2015.12.27"]

1. d4 d5 2. e3 Nf6 3. c4 e6 4. Nc3 c5 5. cxd5 Nxd5 6. dxc5 Bxc5 7. Nxd5 Qxd5 8.
Qxd5 exd5 9. Nf3 Nc6 10. Bb5 Bd7 11. Bxc6 Bxc6 12. Bd2 O-O-O 13. Bc3 f6 14.
O-O-O Rd7 15. Rd2 Bb5 16. Rhd1 Rhd8 17. Nd4 Bxd4 18. Bxd4 Kb8 19. Kb1 a6 20. e4
Bc6 21. exd5 Bxd5 22. f3 f5 23. b3 Bc6 24. Be5+ Ka7 25. Rxd7 Rxd7 26. Rxd7 Bxd7
27. Bxg7 Kb6 28. Kc2 Kc5 29. Kd3 Kb4 30. Bf8+ Kb5 31. Kd4 b6 32. Ke5 a5 33. h3
a4 34. bxa4+ Kxa4 35. a3 h5 36. Kf4 b5 37. Kg5 Kb3 38. Kxh5 Kc4 39. g4 fxg4 40.
fxg4 Kd5 41. h4 Ke6 42. g5 Kf7 43. Bh6 Kg8 44. g6 Kh8 45. Kg5 Kg8 46. Kf6 Bh3
47. h5 Bg4 48. Kg5 Bd7 49. Kh4 Be6 50. Bf4 Kg7 51. Kg5 Bc8 52. h6+ Kg8 53. h7+
Kg7 54. Be5+ Kf8 55. h8=Q+ Ke7 56. Qxc8 b4 57. Qc6 bxa3 58. Bf6+ Kf8 59. Qc8#
1-0

[Event "DVM U10 2015"]
[Site "Magdeburg GER"]
[Date "2015.12.29"]
[Round "7"]
[White "Hoffmann, Siegfried"]
[Black "Klühs, Gustaf"]
[Result "1/2-1/2"]
[Termination "normal"]
[Board "9.1"]
[WhiteElo "1346"]
[BlackElo "1129"]
[WhiteTeam "USC Magdeburg 1"]
[BlackTeam "Sfr.Nord-Ost Berlin 2"]
[PlyCount "42"]
[WhiteFideId "16252268"]
[BlackFideId "16228936"]
[EventCountry "GER"]
[EventRounds "7"]
[EventType "team-swiss"]
[EventDate "2015.12.27"]

1. e4 c5 2. Nf3 Nc6 3. Bc4 d6 4. c3 g6 5. d4 cxd4 6. cxd4 Bg7 7. Be3 Bg4 8. Be2
Bxf3 9. Bxf3 Nf6 10. Nc3 O-O 11. h3 Nd7 12. O-O Qb6 13. d5 Qxb2 14. dxc6 Qxc3
15. Rc1 Qa5 16. cxd7 Qxa2 17. Bg4 h5 18. Rc8 hxg4 19. Qxg4 Raxc8 20. dxc8=Q
Rxc8 21. Qxc8+ Kh7 1/2-1/2

[Event "DVM U10 2015"]
[Site "Magdeburg GER"]
[Date "2015.12.29"]
[Round "7"]
[White "Janke, Sean Till"]
[Black "Khanbekyan, Areg"]
[Result "0-1"]
[Termination "normal"]
[Board "9.2"]
[WhiteElo "949"]
[BlackElo "1154"]
[WhiteTeam "Sfr.Nord-Ost Berlin 2"]
[BlackTeam "USC Magdeburg 1"]
[PlyCount "84"]
[BlackFideId "12993727"]
[EventCountry "GER"]
[EventRounds "7"]
[EventType "team-swiss"]
[EventDate "2015.12.27"]

1. d4 Nf6 2. c4 e6 3. Nc3 Bb4 4. a3 Bxc3+ 5. bxc3 b6 6. Nf3 Bb7 7. Bg5 O-O 8.
e3 d6 9. Bd3 Nbd7 10. O-O c5 11. Qc2 Qc7 12. Rab1 d5 13. Bf4 Qc6 14. Ne5 Nxe5
15. Bxe5 Ne4 16. f3 Nf6 17. Bxf6 gxf6 18. Bxh7+ Kh8 19. f4 f5 20. Bxf5 dxc4 21.
Be4 Qxe4 22. Qxe4 Bxe4 23. h3 Rg8 24. g4 Rg7 25. Kh2 Rh7 26. Rg1 Rg8 27. Rg3 a5
28. Rf1 cxd4 29. exd4 Rhg7 30. Kg1 Bf5 31. Re1 Bxg4 32. hxg4 Rxg4 33. Rxg4
Rxg4+ 34. Kf2 Rxf4+ 35. Ke3 Rh4 36. Rg1 Kh7 37. Kf3 f5 38. Kg3 Rg4+ 39. Kf2
Rxg1 40. Kxg1 Kg6 41. Kf2 Kf6 42. d5 exd5 {nicht weiter nachvollziehbar} 0-1

[Event "DVM U10 2015"]
[Site "Magdeburg GER"]
[Date "2015.12.29"]
[Round "7"]
[White "Pikalow, Michael"]
[Black "Söhlke, Arno"]
[Result "1-0"]
[Termination "normal"]
[Board "9.3"]
[WhiteElo "1185"]
[BlackElo "901"]
[WhiteTeam "USC Magdeburg 1"]
[BlackTeam "Sfr.Nord-Ost Berlin 2"]
[PlyCount "63"]
[WhiteFideId "16227638"]
[EventCountry "GER"]
[EventRounds "7"]
[EventType "team-swiss"]
[EventDate "2015.12.27"]

1. e4 c6 2. d4 d5 3. exd5 cxd5 4. c4 Nf6 5. Nc3 Nc6 6. b3 Bf5 7. Bb2 e6 8. Nf3
Bd6 9. Bd3 Bxd3 10. Qxd3 Nb4 11. Qe2 O-O 12. O-O h6 13. a3 Nc6 14. c5 Bc7 15.
Nb5 a6 16. Nc3 Na5 17. b4 Nc4 18. Rab1 b5 19. Nd2 Ne4 20. Ncxe4 dxe4 21. Nxc4
bxc4 22. Qxc4 a5 23. b5 Qb8 24. b6 Bxh2+ 25. Kh1 Bf4 26. Qc3 Rd8 27. Ba1 Rd5
28. g3 Bg5 29. b7 Ra7 30. c6 Bf6 31. c7 Rh5+ 32. Kg2 1-0

[Event "DVM U10 2015"]
[Site "Magdeburg GER"]
[Date "2015.12.29"]
[Round "7"]
[White "Mandelkow, Elias"]
[Black "Kuppe, Eugen"]
[Result "1/2-1/2"]
[Termination "normal"]
[Board "10.3"]
[WhiteElo "959"]
[BlackElo "933"]
[WhiteTeam "Hamburger SK von 1830 3"]
[BlackTeam "SV Roter Turm Halle 1"]
[PlyCount "53"]
[WhiteFideId "16233239"]
[EventCountry "GER"]
[EventRounds "7"]
[EventType "team-swiss"]
[EventDate "2015.12.27"]

1. d4 d5 2. c4 Nf6 3. Nf3 e6 4. Bg5 Be7 5. Nc3 O-O 6. e3 c5 7. Qb3 dxc4 8. Bxc4
Nc6 9. dxc5 Bxc5 10. Rd1 Qe7 11. Ne4 Bb6 12. Nxf6+ gxf6 13. Bh6 Re8 14. Bb5 Bc5
15. O-O Kh8 16. Rd2 e5 17. e4 Bg4 18. h3 Bxf3 19. Qxf3 Rg8 20. Rfd1 Nd4 21. Qd3
Rg6 22. Be3 Rd8 23. Bxd4 Bxd4 24. Qb3 a6 25. Bc4 Rg7 26. a4 Kg8 27. a5 1/2-1/2

[Event "DVM U10 2015"]
[Site "Magdeburg GER"]
[Date "2015.12.29"]
[Round "7"]
[White "Danielsen, Asger"]
[Black "Kraftsik, Christian"]
[Result "0-1"]
[Termination "normal"]
[Board "11.1"]
[WhiteElo "875"]
[BlackElo "1271"]
[WhiteTeam "SchachAkademiePaderborn 2"]
[BlackTeam "SC Vaterstetten"]
[PlyCount "76"]
[BlackFideId "16242548"]
[EventCountry "GER"]
[EventRounds "7"]
[EventType "team-swiss"]
[EventDate "2015.12.27"]

1. d4 Nf6 2. Nf3 d5 3. Bf4 Nc6 4. e3 Bf5 5. c3 e6 6. Bb5 Be7 7. Bxc6+ bxc6 8.
Qa4 O-O 9. Qxc6 Bd6 10. Bxd6 cxd6 11. Qa4 Qc7 12. Nbd2 Rfb8 13. b4 Qxc3 14. O-O
Rxb4 15. Qd1 Bc2 16. Qe1 Bd3 17. Rc1 Qa3 18. Nb1 Bxb1 19. Rxb1 Rxb1 20. Qxb1
Qa5 21. Rc1 Qd8 22. Rc2 Ne4 23. Qc1 h6 24. Rc7 Rb8 25. Rxa7 Qb6 26. Ra3 Qb1 27.
Qe1 Nd2 28. h3 Nxf3+ 29. gxf3 Qxe1+ 30. Kg2 Rb1 31. Ra8+ Kh7 32. f4 Qh1+ 33.
Kg3 Rg1+ 34. Kh4 g5+ 35. fxg5 Qe4+ 36. f4 Qf5 37. Rh8+ Kxh8 38. Kh5 Qxh3# 0-1

[Event "DVM U10 2015"]
[Site "Magdeburg GER"]
[Date "2015.12.29"]
[Round "7"]
[White "Menzner, Paul"]
[Black "Nourzad, Shayan"]
[Result "1-0"]
[Termination "normal"]
[Board "11.2"]
[WhiteElo "1007"]
[BlackElo "929"]
[WhiteTeam "SC Vaterstetten"]
[BlackTeam "SchachAkademiePaderborn 2"]
[PlyCount "45"]
[BlackFideId "16274890"]
[EventCountry "GER"]
[EventRounds "7"]
[EventType "team-swiss"]
[EventDate "2015.12.27"]

1. e4 e6 2. Nc3 d5 3. exd5 exd5 4. Nf3 Bg4 5. h3 Bf5 6. d4 Nc6 7. Bb5 Bd7 8.
Nxd5 a6 9. Bxc6 Bxc6 10. Nc3 Bd7 11. O-O c5 12. Qe2+ Be6 13. d5 Qe7 14. dxe6
fxe6 15. Re1 Qd6 16. Qe4 Rb8 17. Bf4 Qd8 18. Bxb8 Qxb8 19. Qxe6+ Be7 20. Nd5 a5
21. Nxe7 Kf8 22. Nxg8 Rxg8 23. Qe7# 1-0

[Event "DVM U10 2015"]
[Site "Magdeburg GER"]
[Date "2015.12.29"]
[Round "7"]
[White "Schäfer, Anton"]
[Black "Röll, Lea"]
[Result "0-1"]
[Termination "normal"]
[Board "11.3"]
[WhiteElo "890"]
[BlackElo "969"]
[WhiteTeam "SchachAkademiePaderborn 2"]
[BlackTeam "SC Vaterstetten"]
[PlyCount "31"]
[BlackFideId "16255437"]
[EventCountry "GER"]
[EventRounds "7"]
[EventType "team-swiss"]
[EventDate "2015.12.27"]

1. d4 d5 2. Nf3 Nc6 3. Bf4 Nf6 4. e3 Bf5 5. Bd3 Bg6 6. Nc3 e6 7. Qe2 Bb4 8. O-O
O-O 9. Nb5 Bd6 10. Bxd6 cxd6 11. c4 e5 12. Bc2 e4 13. cxd5 Nb4 14. Bb3 Nfxd5
15. h3 exf3 16. gxf3 {nicht weiter nachvollziehbar} 0-1

[Event "DVM U10 2015"]
[Site "Magdeburg GER"]
[Date "2015.12.29"]
[Round "7"]
[White "Pixa, Karl"]
[Black "Mainka, Alwin"]
[Result "1/2-1/2"]
[Termination "normal"]
[Board "12.1"]
[WhiteElo "1134"]
[BlackElo "1003"]
[WhiteTeam "SV Dresden-Striesen 1990"]
[BlackTeam "DJK Arminia Eilendorf 1919"]
[PlyCount "78"]
[WhiteFideId "16240480"]
[BlackFideId "16241177"]
[EventCountry "GER"]
[EventRounds "7"]
[EventType "team-swiss"]
[EventDate "2015.12.27"]

1. e4 e5 2. Nf3 Nc6 3. d4 exd4 4. Nxd4 Bc5 5. Be3 Bxd4 6. Bxd4 Nf6 7. Nc3 d6 8.
Be2 O-O 9. O-O Bd7 10. Qd2 Re8 11. f3 Qe7 12. Rad1 Nxd4 13. Qxd4 Bc6 14. Rfe1
Qe5 15. Qxe5 Rxe5 16. Bc4 h6 17. b4 a6 18. a4 b5 19. Bb3 Rae8 20. a5 d5 21. f4
R5e7 22. e5 Nh7 23. Nxd5 Bxd5 24. Bxd5 Nf8 25. c4 c6 26. Bxc6 Rc8 27. cxb5 axb5
28. Bxb5 Rb8 29. Bd3 Rxb4 30. g3 Ne6 31. a6 Nc5 32. Be2 Re8 33. Ra1 Ra8 34. a7
Na4 35. Bf3 Rxa7 36. Bg4 Ra8 37. e6 fxe6 38. Rxe6 Kf7 39. Re5 Nb6 1/2-1/2

[Event "DVM U10 2015"]
[Site "Magdeburg GER"]
[Date "2015.12.29"]
[Round "7"]
[White "Korr, Sören"]
[Black "Richter, Nicholas"]
[Result "1/2-1/2"]
[Termination "normal"]
[Board "12.2"]
[WhiteElo "887"]
[BlackElo "1105"]
[WhiteTeam "DJK Arminia Eilendorf 1919"]
[BlackTeam "SV Dresden-Striesen 1990"]
[PlyCount "77"]
[WhiteFideId "16275241"]
[BlackFideId "16244834"]
[EventCountry "GER"]
[EventRounds "7"]
[EventType "team-swiss"]
[EventDate "2015.12.27"]

1. e4 c5 2. Nf3 e6 3. Nc3 Nc6 4. Bc4 Nf6 5. O-O d5 6. exd5 exd5 7. Re1+ Be7 8.
Bb5 a6 9. Be2 Be6 10. a3 O-O 11. d3 Qd6 12. Bg5 d4 13. Na2 h6 14. Bd2 Rab8 15.
c4 b5 16. Qc2 Rb6 17. b3 Rfb8 18. Rab1 R8b7 19. Rb2 Qb8 20. Reb1 bxc4 21. dxc4
a5 22. h3 a4 23. b4 cxb4 24. c5 Rb5 25. Bxb5 Rxb5 26. Nxb4 Rxc5 27. Qd3 Bf5 28.
Qe2 Bxb1 29. Rxb1 Bd6 30. Qd1 Qc7 31. Qxa4 Nxb4 32. Bxb4 Rc1+ 33. Rxc1 Qxc1+
34. Be1 d3 35. Qa5 Bf4 36. g3 Bc7 37. Qd2 Qxa3 38. Kg2 Ne4 39. Qe3 1/2-1/2

[Event "DVM U10 2015"]
[Site "Magdeburg GER"]
[Date "2015.12.29"]
[Round "7"]
[White "Sassenscheidt, Julius"]
[Black "Haugner, Quentin"]
[Result "0-1"]
[Termination "normal"]
[Board "12.4"]
[WhiteElo "776"]
[BlackElo "827"]
[WhiteTeam "DJK Arminia Eilendorf 1919"]
[BlackTeam "SV Dresden-Striesen 1990"]
[PlyCount "82"]
[WhiteFideId "16258509"]
[EventCountry "GER"]
[EventRounds "7"]
[EventType "team-swiss"]
[EventDate "2015.12.27"]

1. d4 d5 2. c4 Be6 3. Nf3 Nf6 4. Bg5 dxc4 5. Bxf6 exf6 6. e4 Bb4+ 7. Nc3 Bxc3+
8. bxc3 O-O 9. d5 Bg4 10. Bxc4 Bxf3 11. Qxf3 Re8 12. O-O Nd7 13. Rfe1 Re7 14.
Rab1 Rb8 15. Bb5 Qe8 16. Bxd7 Qxd7 17. Rb3 b6 18. c4 Rbe8 19. h3 Re5 20. Rbe3
Qa4 21. Qg4 Qxa2 22. Rg3 g6 23. Re2 Qxc4 24. Rge3 a5 25. f4 Rxe4 26. Rxe4 Rxe4
27. Rxe4 Qxe4 28. h4 Qxd5 29. h5 Qxh5 30. Qc8+ Kg7 31. Qxc7 Qd1+ 32. Kh2 a4 33.
Qxb6 a3 34. Qf2 Qb1 35. Qg3 a2 36. Kh3 a1=Q 37. Kg4 Qf5+ 38. Kf3 Qa3+ 39. Kf2
Qc2+ 40. Kf1 Qxg3 41. f5 Qd1# 0-1

[Event "DVM U10 2015"]
[Site "Magdeburg GER"]
[Date "2015.12.29"]
[Round "7"]
[White "Mantu, Gabriel"]
[Black "Morczynski, Joachim"]
[Result "0-1"]
[Termination "normal"]
[Board "13.2"]
[WhiteElo "947"]
[BlackElo "1205"]
[WhiteTeam "SV Empor Erfurt 2"]
[BlackTeam "Schachpinguine Berlin 2"]
[PlyCount "76"]
[WhiteFideId "16278046"]
[BlackFideId "16209745"]
[EventCountry "GER"]
[EventRounds "7"]
[EventType "team-swiss"]
[EventDate "2015.12.27"]

1. b4 Nf6 2. Bb2 g6 3. Nf3 Bg7 4. e3 Nc6 5. b5 Nb8 6. Bc4 c6 7. bxc6 Nxc6 8. d3
e6 9. Nbd2 O-O 10. O-O d5 11. Bb3 a5 12. a4 Qd6 13. Ba3 Nb4 14. c3 Nd7 15. Rc1
Qb6 16. Qe2 Re8 17. cxb4 axb4 18. Bb2 Bxb2 19. Nc4 dxc4 20. Qxb2 cxb3 21. Qxb3
Nc5 22. Qc2 Nxa4 23. Ra1 Bd7 24. Rfb1 Nc5 25. d4 Rxa1 26. Rxa1 Na6 27. Ne5 Qb5
28. Ng4 Qc6 29. Qxc6 Bxc6 30. Nf6+ Kf8 31. Nxe8 Kxe8 32. f4 Kd7 33. Rd1 Be4 34.
g4 Kc6 35. Rc1+ Kb5 36. Kf2 Ka4 37. Ke2 b3 38. Ra1+ Kb4 0-1